MDQL
is popping MORE tags! Check the
thread
!
Quizzes
Events
Quiz Creation
Community
Videos
Private Events
Remove Ads
Sign In
Join for FREE
Feedback
Dark Mode
Quiz Categories
Sports
Geography
Music
Movies
Television
Just For Fun
Miscellaneous
History
Literature
Language
Science
Gaming
Entertainment
Religion
Holiday
For Kids
Quiz Lab
Recent
Popular Today
Quiz Kudos Today
Editor Picks
Curator Picks
Quizzes by...
Day
Popularity
Type
Ratings
Length
Year
Community
Subscriptions
Recent Discussions
Orange Saloon
Badges
Playlists
Quests
Create
Leaderboards
Showdown
Live 5
Trivia Bingo
Activity
Puzzle Library
Sporcle Events
Private Events
Virtual Trivia
Globe League
Become a Host
Pub Owners
SporcleCon
Opinionation
Our Games
Videos
Blog
Mobile Apps
Partnerships
Remove Ads and Go Orange
Feedback
Music
Pop Music
The Beatles
Song
Album
Lyrics
Bands
Singers
Artist
Clip
Rock
Rap
Classical
Billboard
Country Music
Kpop
Taylor Swift
Music
Pop Music
The Beatles
Song
Album
Lyrics
Bands
Singers
Artist
Clip
Rock
Rap
Classical
Billboard
Country Music
Kpop
Taylor Swift
Random Quiz
Search Sporcle
×
Quiz Lab
Quiz Lab
Music
Type in answers that appear in a list
Type in answers that appear in a list
Classic
Best Score? Go Orange.
Classic Rock Groups by Obscure Album Stats
Can you name the classic rock groups by a lesser-known album?
By
RealityChuck
8m
30 Questions
326 Plays
326 Plays
326 Plays
Comments
Comments
Give Quiz Kudos
Give Quiz Kudos
-
- Ratings
hide this ad
More Info
Replay
Link that replays current quiz
Next Quiz
Link to next quiz in quiz playlist
You Got
0%
They Got
Avg Score
30%
Avg Friend Score
Upgrade to see
Score Distribution
Jump to the score distribution portion of the page
Score
0/30
Timer
08:00
0
Plays Today
Album Title
Act
% Correct
Yesterday . . . and Today
The Beatles
73.9%
Obscured by Clouds
Pink Floyd
66%
Between the Buttons
Rolling Stones
65.3%
Odds and Sods
The Who
62.3%
Abraxas
Santana
58.9%
Bookends
Simon and Garfunkel
47.5%
Smiley Smile
Beach Boys
45.4%
Every Picture Tells a Story
Rod Stewart
39.3%
Aoxomoxoa
The Grateful Dead
35%
Idlewild South
Allman Brothers Band
32.8%
Other Voices
The Doors
32.2%
I Got Dem Ol' Kozmic Blues Again Mama!
Janis Joplin
29.1%
New Morning
Bob Dylan
27.6%
After Bathing at Baxter's
Jefferson Airplane
27%
Soap Opera
The Kinks
26.1%
Album Title
Act
% Correct
Pendulum
Creedence Clearwater Revival
25.8%
Cold Spring Harbor
Billy Joel
25.2%
Head
The Monkees
24.2%
Kiln House
Fleetwood Mac
22.4%
11-
17-
70 (US Title)
Elton John
21.5%
Stand Up
Jethro Tull
21.5%
Animal Tracks
The Animals
20.6%
Cahoots
The Band
19.3%
I Hear a Symphony
The Supremes
16.9%
Psychedelic Shack
The Temptations
13.5%
Child is Father to the Man
Blood Sweat and Tears
11%
Last Exit
Traffic
7.4%
Horizontal
The Bee Gees
7.4%
Your Saving Grace
Steve Miller Band
7.4%
Grand Hotel
Procol Harum
6.1%
Quiz Playlist
Details
Report
Send in Message
Add To Playlist
More Info:
All albums recorded before 1975. "Classic Rock" refers to the era, not the radio format.
Classic:
Type in answers that appear in a list
Last Updated: Feb 16, 2017
Quiz Scoreboard
CHALLENGE
Sign Up to Join the Scoreboard
Show All
Scores
Hide
Comments
May contain spoilers
Recently Published
Colored Red Africa Blitz
by spor1
Geography
30s
Find the 'City' Movie
by crazypaving
Movies
60s
5x2 Blitz: Bands
by SL_Kpop136
Music
30s
More to Explore
Quiz From the Vault
Featured Blog Post
14 Easter Pick-up Lines to Find Eggs With
hide this ad
You Might Also Like...
Tags
This quiz does not have any tags.
Today's Top Quizzes in Music
Browse Music
hide this ad
Top Contributed Quizzes in Music
1
5X2 Blitz: Bands II
2
5X2 Blitz: The Beatles
3
Taylor Swift All Songs (2024)
4
5X2 Blitz: Billboard
5
5X2 Blitz: Billboard II
6
5X2 Blitz: Album
7
Taylor Swift Logic Puzzle II
8
5X2 Blitz: Singers
9
5X2 Blitz: Rock
10
5X2 Blitz: Lyrics
Explore More
Trending Topics
NBA
Marvel
Disney
Crossword
Kpop
Harry Potter
Anime
Puzzle
The Office
WWE
Country
Song
NFL
Pokémon
Soccer
hide this ad
More By:
RealityChuck
Quiz
Plays
Rating
Category
Featured
Created
NY Mets without world series
348
5.00
Sports
Jan 25, 2016
Classic Rock Albums by Opening Song
347
4.09
Music
Sep 20, 2010
Hugo Award Winners for Best Science Fiction Novel
328
5.00
Literature
Oct 17, 2011
Classic Rock Groups by Obscure Album
326
3.00
Music
Aug 24, 2010
NY Jets Super Bowl QBs
320
3.75
Sports
Feb 9, 2011
Go to Creator's Profile
Score Distribution
Quiz Creator Spotlight
RealityChuck
Follow
Send a Message
Quizzes Created
-
Created Quiz Play Count
-
More By This Creator
Popular Quizzes Today
1
Colored Red Africa Blitz
2
Find the US States - No Outlines Minefield
3
Find the 'City' Movie
4
5x2 Blitz: Bands
5
The Countries of the World
6
Find the US States
7
Find the Countries of Europe - No Outlines Minefield
8
US States
More Music Quizzes
🥑 One-word 'A' Song Titles
Quiz Lab
Trending Quizzes
Colored Red Europe Blitz I
Colored Red Europe Blitz II
Colored Red Africa Blitz II
Colored Red Europe Blitz III
Colored Red Africa Blitz III
Recently Updated
How Do You Spell That?
pecheneg
Godzilla Movies
pecheneg
Grab Bag: 4-10 Letters
pecheneg
2024 March Madness Bracket
pecheneg
Famous TV Couples
Peacemaker
Champions League XIs: Real Madrid
pecheneg
Largest US Cities 1790-2010
pecheneg
Rides in Walt Disney World
pecheneg
Most Oscar Losses (Acting)
pecheneg
Beyoncé Albums
pecheneg
Trending Topics
NBA
Crossword
Anime
Harry Potter
Marvel
Disney
Kpop
WWE
Puzzle
Country
Pokémon
Song
The Office
Soccer
NFL
Your Account Isn't Verified!
In order to create a playlist on Sporcle, you need to verify the email address you used during registration. Go to your
Sporcle Settings
to finish the process.
Report this User
Report this user for behavior that violates our
Community Guidelines
.
Details:
Send Report
Go to the Sporcle.com Mobile Site →
Comments